| 000 | 01496cad a22002055a 4500 | ||
|---|---|---|---|
| 001 | L140952 | ||
| 008 | 071023e20071019xxk f f000 0 eng d | ||
| 035 | _a(Sirsi) u140952 | ||
| 041 | 0 | _aeng | |
| 110 | 1 |
_aUnited Kingdom _bDepartment for Communities and Local Government _94939 |
|
| 245 | 0 | 4 |
_aThe Town and Country Planning (Environmental Impact Assessment) (England) (Amendment) Regulations 2007 _h[electronic resource] |
| 260 |
_aLondon _bDCLG _c2007 |
||
| 520 | _aConsultation paper presents proposals to amend the Town and Country Planning (Environmental Impact Assessment) (England and Wales) Regulations 1999 (ISBN 0110804740). The proposal is to require that in a multiple stage process of development consent, environmental impact assessment can be required before other reserved matters are considered for approval. This amendment is in response to two judgments by the European Court of Justice in 2006. It is also to apply this to full planning permission conditions which do not permit any development before such reserved conditions are approved. Responses are due by 11 January 2008. | ||
| 590 | _aKA NTK | ||
| 650 | 2 | 4 | _aTOWN AND COUNTRY PLANNING (ENVIRONMENTAL IMPACT ASSESSMENT) (ENGLAND AND WALES) REGULATIONS 1999 |
| 651 | 4 |
_aUnited Kingdom _y |
|
| 690 |
_aPlanning and development _96259 |
||
| 856 | 4 | 0 |
_uhttps://www.communities.gov.uk/documents/planningandbuilding/pdf/towncountryplanning.pdf _zView the consultation free of charge at www.communities.gov.uk... |
| 942 | _n0 | ||
| 999 |
_c79388 _d79388 |
||